Kevin's top 10 Weapons from Video Games - Statistics

General Stats
  • This quiz has been taken 20 times
  • The average score is 6 of 10
Answer Stats
Hint Answer % Correct
Half-Life 2 Gravity Gun
94%
Half-Life 1 & 2 Crowbar
88%
Counter Strike Magnum Sniper Rifle
75%
Portal Portal Gun
69%
Counter Strike CV-47
63%
Counter Strike Deagle
50%
Half-Life 2 AR2
38%
Counter Strike M4A1 Carbine
38%
Half-Life Tau Cannon
31%
Counter Strike P90
19%
No matching quizzes found
Score Distribution
Percent of People with Each Score
Percentile by Number Answered
Your Score History
You have not taken this quiz